00843nam a2200253 a 450000500170000000800410001704000250005804100080008304400070009110000300009824501330012826000930026130000160035465000260037065000230039665000110041965000170043065000160044765000240046365000230048766200310051070000260054170000220056720191224041549.0140224b1997 ck ||||| |||| 00| 0 spa d aCO-BoIAVHcCO-BoIAVH aspa ack aZuluaga G., Juan Santiago aInventario de entomofauna, enemigos naturales de plagas vegetales y vectores de enfermedades en el Municipio de Nuquí, Chocó aMedellínbCorporación para Investigaciones BiológicabProyecto Biopacíficoc1997 a140 paginas aEntomofauna terrestre aEnemigos naturales aPlagas aEnfermedades aInventarios aControl biológico aMétodos de campo aColombiadNuquíbChocó aVélez Angel, Raúl aHenao M., Beatriz